Creative parenting : (Record no. 6255)
[ view plain ]
| 000 -LEADER | |
|---|---|
| fixed length control field | 00521cam a2200145 a 4500 |
| 020 ## - ISBN | |
| International Standard Book Number | 0396082645 (pbk.) : |
| Terms of availability | $10.95 |
| 050 10 - LIBRARY OF CONGRESS CALL NUMBER | |
| Classification Number | RJ61 |
| Item Number | .S44 1983 |
| 100 1# - MAIN ENTRY--Author | |
| Personal name | Sears, William, |
| Dates associated with a name | M.D. |
| 245 10 - TITLE | |
| Title | Creative parenting : |
| Remainder of title | how to use the new continuum concept to raise children successfully from birth through adolescence / |
| Statement of responsibility, etc | by William Sears ; illustrated by Monique Trempe-Taray. |
| 260 ## - PUBLICATION, DISTRIBUTION, ETC.(IMPRINT) | |
| Place of publication, distribution, etc | New York : |
| Name of publisher, distributor, etc | Dodd, Mead, |
| Date of publication, distribution, etc | 1983, c1982. |
| 300 ## - PHYSICAL DESCRIPTION | |
| Extent | 512 p. : |
| 500 ## - GENERALNOTE | |
| General note | Includes index. |
| 650 #0 - SUBJECT--TOPIC | |
| General subdivision | Care. |
| 942 ## - ADDED ENTRY ELEMENTS(KOHA) | |
| Source of classification or shelving scheme | Library of Congress Classification |
| Koha item type | General circulation |
| Source of classification or shelving scheme | Not for loan | Location (home branch) | Sublocation (holding branch) | Shelving location | Date accessioned | Full call number | Barcode | Koha item type | Public note |
|---|---|---|---|---|---|---|---|---|---|
| Library of Congress Classification | Main Campus Library | Main Campus Library | 17/07/2015 | RJ61 .S44 1983 | 2015/003617 | General circulation | amm |